| 000 | 01429cad a22002655a 4500 | ||
|---|---|---|---|
| 001 | L158707 | ||
| 008 | 130206s2015 xxk f 000 0 eng d | ||
| 020 | _a9781783210336 | ||
| 035 | _a(Sirsi) u158707 | ||
| 041 | 0 | _aeng | |
| 110 | 2 |
_aRoyal Institution of Chartered Surveyors _94900 |
|
| 245 |
_a2015 Canadian jurisdictional applications of valuation standards _h[electronic resource] |
||
| 260 |
_aLondon _bRICS _c2015 |
||
| 300 | _a11p. | ||
| 490 | 0 | _aRICS Guidance Note | |
| 520 | _aIntended to assist RICS members who are also AIC members in ensuring that a valuation report that is compliant with Canadian Uniform Standards of Professional Appraisal Practice (CUSPAP) is also compliant with the RICS Valuation - Professional Standards (the Red Book). The guidance note covers the purpose of the document; terminology in CUSPAP and Red Book; compliance; issues such as Canadian provincial licensing, privacy legislation, and appraisal/review/consulting/reserve fund planning standards. Effective from June 2015. | ||
| 590 | _aKA | ||
| 650 | 2 | 4 | _aVALUATION STANDARDS |
| 650 | 2 | 4 | _aLICENSING |
| 651 | 4 | _aCanada | |
| 690 |
_aValuation _96273 |
||
| 710 | 1 |
_aAppraisal Institute of Canada _9829 |
|
| 856 | 4 | 0 |
_uhttps://www.isurv.com/downloads/download/2011/canadian_jurisdictional_applications_of_valuation_standards_2015 _zArchived on isurv with English and French versions (subscription required) |
| 942 |
_n0 _2ddc |
||
| 999 |
_c115468 _d115468 |
||